| 000 | 02091cam a2200289 c 4500 | ||
|---|---|---|---|
| 005 | 20200929065618.0 | ||
| 008 | 200128t2013 xxu|||||r|||| 001 0 eng d | ||
| 020 | _a9789332535039 (3a.Ed.) | ||
| 040 |
_aCO-BoUCM _bspa _cDeissy Garcia (modificó) _dJohn Ramirez |
||
| 041 | 0 | _aeng | |
| 100 | 1 |
_aOppenheim, Alan V. _999648 _d1937- |
|
| 245 | 1 | 0 |
_aDiscrete-time signal processing _cAlan V. Oppenheim, Ronald W. Schafer |
| 250 | _b3a.Ed. | ||
| 260 |
_bPearson _aLondres _c2013 |
||
| 300 |
_a1052 páginas _bilustraciones, diagramas, gráficos |
||
| 490 | _aSignal processing series | ||
| 504 | _aIncluye referencias bibliográficas e índices | ||
| 505 | _rDiscret-time signal and system. -- The z-Transform. -- sampling of continuous-time signal. -- Transform analysis of time-invariant systems. -- structure for discrete-time systems. -- filter design techniques. -- the discrete fourier transform. -- Computacional of the discrete fourier transform. -- fourier analysis of signal using the discrete fourier transform. -- Parametric signal modeling. -- discrete hilbert transforms. -- ceptrum analysis and homomorphic deconvolution. -- Random signal. -- Continuous-time filters. | ||
| 520 | _aDiscrete-Time Signal Processing, Third Edition is the definitive, authoritative text on DSP - ideal for those with introductory-level knowledge of signals and systems. Written by prominent DSP pioneers, it provides thorough treatment of the fundamental theorems and properties of discrete-time linear systems, filtering, sampling, and discrete-time Fourier Analysis. By focusing on the general and universal concepts in discrete-time signal processing, it remains vital and relevant to the new challenges arising in the field. | ||
| 650 | 1 | 0 |
_987556 _aProcesamiento de señales _xMatemáticas |
| 650 | 1 | 7 |
_924644 _aSistemas de tiempo discreto |
| 650 | 1 | 0 |
_999649 _aTeoria de las señales (Información) |
| 650 | 1 | 0 |
_aManejo de señal _999695 |
| 700 | 1 |
_999694 _aSchafer, Ronal W. _d1938- |
|
| 942 |
_cLIBRORESER _2DEWEY _a14 _e3 _h621.3822 _mO62d |
||
| 999 |
_c316957 _d316957 |
||